000 00537nam a22002177a 4500
003 UA-OsUOA
001 38076
007 ta
008 20060426b un ||||| |||| 00| 0 ukr d
100 _aБабінець Андрій
090 _a32
_bБ11
942 _cSA
040 _aUA-OsUOA
_bukr
_cUA-OsUOA
_dUA-OsUOA
245 _aІ наука. і робота
300 _a3 с.
955 _a0
041 _aukr
080 _a32
773 0 _w38075
_tВільне слово
_dРівне
_d2006
_g33
650 7 _a32 Політика
_2UDC
999 _c324239
_d324239